1134 1159 1137 1644 1595 1375 1079 1696 1892 1586 1350 1509 1128 1268 1026 1561 1854 1297 1094 1848 1075 1663 1164 1465 1241 1863 1926 1506 1130 1108 1399 1316 1390 1243 1555 1174 1312 1786 1196 1532 1302 1028 1766 1282 1309 1051 1061 1961 1982 1937 1294 1167 1948 1083 1204 1581 1010 1735 1144 1672 1409 1161 1091 1922 1326 1610 1969 1227 1731 1060 1928 1442 1250 1714 1194 1848 1108 1073 1132 1273 1853 1078 1661 1739 1618 1328 1440 1483 1948 1084 1581 1746 1943 1889 1814 1533 1045 1488 1919 BCNSPRNW ULIB Ver.6.0+V

เปลี่ยนเป็นภาษาไทย

Change to English
 แสดงรายละเอียดบรรณานุกรม
  กลับหน้าหลัก

Brief Record : Get Marc (ISO 2709) : E-mail record : QR code < ปิดหน้าต่าง
LEADER : 00000nam 2200000uu 4500
001    13399115311
003     ULIB
008    120810s2553||||th 000 0 tha d
020    9789741343546
090    ^aนว.^bร147ส
100 0  ^aร่มแก้ว
245 00 ^a365 วันแห่งรัก /^cร่มแก้ว
260    ^aกรุงเทพฯ:^cพิมพ์คำ,^c2553
300    ^a318 หน้า
945    ^p180^l0^i032312
995    ^aเกษร
999 ^a วิภา
รายการนี้ยังไม่มีแท็ก
คุณยังไม่ได้ล็อกอิน คุณสามารถมีกิจกรรมร่วมกับเว็บไซต์ได้ แต่ต้องล็อกอินก่อน ::
  ล็อกอิน

รายการสื่อสารสนเทศ

ลำดับที่ ประเภท เลขเรียก/บาร์โค้ด สถานที่ สถานะ
- ไม่พบข้อมูล -

รายการใกล้เคียง
    ผู้แต่ง [ร่มแก้ว]

BibComment


ยังไม่เคยถูกคอมเมนท์

คอมเมนท์ทรัพยากรรายการนี้
  คอมเมนท์: 365 วันแห่งรัก ..


 Copyright 2026. Bcnsprnw @Library